000 00529nab a2200145Ia 4500
003 ES-SlBCS
005 20210601144337.0
008 140529s1983 xxu||||| |||| 00| 0 spa d
041 _aspa
100 1 _aAlberto Torres, Carlos
_9298951
245 0 0 _aEnfoques en Educación de Adultos. Apuntes para una clasificación
_c Carlos Alberto Torres
650 0 4 _aEducación de Adultos
_9128539
773 0 _tRevista de Ciencias de la Educacion (Antes: Revista Calasancia)
_gvol. 29, nº. 115, 1983, págs. 311-327
_wRev1696
942 _cAR
999 _c707203
_d707203